El análisis crítico del discurso y la pedagogía crítica: Explorando sus relaciones y sus aplicaciones didácticas /

Sonraí bibleagrafaíochta
Príomhchruthaitheoir: Martínez Lirola, María
Formáid: LEABHAR
Teanga:Spáinnis
Foilsithe / Cruthaithe: Granada : Comares, 2022
Sraith:Enseñar y Aprender
Ábhair:

MARC

LEADER 00000nam a2200000 4500
005 20240923170112.0
008 240923b2022 ||| |||| |||| 00| | spa d
020 |a 9788413692852 
090 |a 06.02.01  |b 2685 
100 |a Martínez Lirola, María  |9 4967 
245 1 3 |a El análisis crítico del discurso y la pedagogía crítica: Explorando sus relaciones y sus aplicaciones didácticas /  |c María Martínez Lirola 
260 |a Granada :  |b Comares,  |c 2022 
300 |a 180 páginas 
490 |a Enseñar y Aprender 
650 0 |a EDUCACIÓN  |9 1 
650 0 |a PEDAGOGÍA  |9 1770 
650 0 |a EDUCACIÓN PARA LA CIUDADANÍA MUNDIAL  |9 4968 
650 0 |a EDUCACIÓN INTERCULTURAL   |9 485 
650 0 |a EDUCACIÓN PARA LOS DERECHOS HUMANOS  |9 4969 
942 |2 z  |c 01  |h 06.02.01  |6 060201 
999 |c 4090  |d 4090